[Event "Challenge"]
[Site "http://www.queenalice.com/game.php?id=253116"]
[Date "2007.8.8"]
[Round "-"]
[White "Gunnm"]
[Black "Am0n"]
[Result "0-1"]
[WhiteElo "1519"]
[BlackElo "1508"]

1. e3 d5 2. Nf3 c5 3. Nc3 d4 4. Ne4 g5 5. Ne5 Bg7 6. Nxg5 Bxe5 7. Qh5 Be6 8.
Nxe6 Qd6 9. Bc4 Nf6 10. Qg5 Rg8 11. Qxe5 Qxe5 12. Bb5+ Nbd7 13. b3 Qxe6 14. Ba3
Rxg2 15. c4 Qf5 16. exd4 Qxf2+ 17. Kd1 Ne4 18. dxc5 Qxd2# 0-1

[Event "AUTO-INT-569"]
[Site "http://www.queenalice.com/game.php?id=253308"]
[Date "2007.8.9"]
[Round "1"]
[White "bleve"]
[Black "Gunnm"]
[Result "1-0"]
[WhiteElo "1693"]
[BlackElo "1474"]

1. e4 e5 2. Nf3 Nc6 3. Bb5 a6 4. Bxc6 bxc6 5. Nxe5 Qf6 6. Ng4 Qd4 7. d3 d5 8. c3
Qc5 9. Ne5 Nh6 10. Qf3 f6 11. d4 Qd6 12. Bxh6 gxh6 13. Qh5+ Ke7 14. f4 dxe4 15.
Qf7+ Kd8 16. Qh5 Rg8 17. O-O fxe5 18. fxe5 Qd5 19. Qh4+ Be7 20. Qxh6 e3 21. g3
e2 22. Re1 1-0

[Event "AUTO-INT-569"]
[Site "http://www.queenalice.com/game.php?id=253309"]
[Date "2007.8.9"]
[Round "1"]
[White "Gunnm"]
[Black "bleve"]
[Result "0-1"]
[WhiteElo "1467"]
[BlackElo "1700"]

1. e4 e5 2. Qf3 d5 3. exd5 Nf6 4. c4 e4 5. Qf4 Nbd7 6. d3 exd3 7. Bxd3 Nc5 8.
Bc2 Bd6 9. Qh4 Qe7+ 10. Be3 Qe5 11. Nc3 Bf5 12. O-O-O Bxc2 13. Kxc2 Qf5+ 14. Kd2
Qd3+ 15. Ke1 Qc2 16. Qd4 Qxb2 17. Rb1 Qa3 18. Nge2 Nfe4 19. Bc1 Qa5 20. Qxg7
Nd3+ 21. Kf1 Be5 0-1

[Event "AUTO-INT-569"]
[Site "http://www.queenalice.com/game.php?id=253322"]
[Date "2007.8.9"]
[Round "1"]
[White "Chazam"]
[Black "Gunnm"]
[Result "1-0"]
[WhiteElo "1652"]
[BlackElo "1503"]

1. Nc3 e5 2. e3 c6 3. b3 d5 4. Bb2 Qf6 5. Bd3 Nh6 6. h3 Be6 7. Rb1 Bc5 8. f4
exf4 9. Nf3 fxe3 10. Nxd5 Bxd5 11. Bxf6 gxf6 12. c4 Be6 13. b4 Bd6 14. dxe3 Na6
15. a3 Rg8 16. Bxh7 Bg3+ 17. Kf1 Bxc4+ 18. Kg1 Ke7 19. Bxg8 Rxg8 20. Qd4 Bb5 21.
Rd1 Nb8 22. Qxa7 Nf5 23. Qxb7+ Nd7 24. Qxd7+ Kf8 25. Qxf5 Ba4 26. Rd8+ Kg7 27.
Qg4+ Kh7 28. Rxg8 1-0

[Event "AUTO-INT-569"]
[Site "http://www.queenalice.com/game.php?id=253323"]
[Date "2007.8.9"]
[Round "1"]
[White "Gunnm"]
[Black "Chazam"]
[Result "1-0"]
[WhiteElo "1484"]
[BlackElo "1472"]

1. e4 Nc6 2. Qg4 h5 3. Qf4 e6 4. Bc4 Bd6 5. Qe3 b6 6. d4 Nf6 7. Nf3 Ng4 8. Qe2
Qe7 9. h3 Nh6 10. Nc3 a6 11. a3 b5 12. d5 bxc4 13. dxc6 dxc6 14. Qxc4 Bb7 15. b4
f6 16. Be3 a5 17. Rd1 axb4 18. axb4 Bxb4 19. Nd4 Bxc3+ 20. Qxc3 O-O 21. O-O Ra6
22. Qb3 Rb6 23. Nxc6 Rxc6 24. Qxb7 Rxc2 25. Qb3 Rc6 26. f3 Rd8 27. Qa4 Rxd1 28.
Rxd1 Rd6 29. Bd4 1-0

[Event "AUTO-INT-569"]
[Site "http://www.queenalice.com/game.php?id=253330"]
[Date "2007.8.9"]
[Round "1"]
[White "IkeBroflovski"]
[Black "Gunnm"]
[Result "0-1"]
[WhiteElo "512"]
[BlackElo "1513"]

1. Nf3 f6 2. e4 e5 3. Nxe5 fxe5 4. Bc4 Nf6 5. d3 Nc6 6. Nc3 Nd4 7. Bg5 b5 8.
Nxb5 Nxb5 9. Bxb5 c6 10. Ba4 Be7 11. Bb3 Rb8 0-1

[Event "Challenge"]
[Site "http://www.queenalice.com/game.php?id=818292"]
[Date "2010.8.14"]
[Round "-"]
[White "albi"]
[Black "Gunnm"]
[Result "1-0"]
[WhiteElo "2044"]
[BlackElo "1472"]

1. e4 Nc6 2. d4 e5 3. Nf3 f5 4. exf5 Qf6 5. dxe5 Nxe5 6. Nxe5 Qxe5+ 7. Qe2 d6 8.
Qxe5+ dxe5 9. g4 Bd7 10. Nc3 Nf6 11. Be2 c6 12. Bd2 Bd6 13. O-O-O O-O-O 14. Be3
Bb8 15. Na4 Ne4 16. Bf3 b5 17. Bxe4 bxa4 18. b3 axb3 19. axb3 Bc7 20. Bxa7 Kb7
21. Be3 h6 22. Kb2 Rhf8 23. Bd3 Rf6 24. Bc5 Ra8 25. Ba6+ Rxa6 26. Rxd7 Kc8 27.
Rxg7 e4 28. Rd1 Kb7 29. Rdd7 Kc8 30. Rxc7+ Kb8 31. Rce7 Kc8 32. Re8# 1-0

[Event "AUTO-OPEN-2073"]
[Site "http://www.queenalice.com/game.php?id=818530"]
[Date "2010.8.15"]
[Round "1"]
[White "Gunnm"]
[Black "thw"]
[Result "0-1"]
[WhiteElo "1449"]
[BlackElo "1802"]

1. e3 e5 2. d4 exd4 3. Qf3 dxe3 4. Bxe3 Nc6 5. Bc4 Nf6 6. Ne2 d5 7. Nd4 Nxd4 8.
Bxd4 dxc4 9. O-O Qxd4 10. Nc3 Qb6 11. Rfe1+ Be7 12. Nd5 Nxd5 13. Re5 Be6 14. Rd1
Qxb2 15. g3 Qxa2 16. Rexd5 Bxd5 17. Qxd5 O-O 18. Qd7 Qxc2 19. Re1 Bc5 20. Rf1
Bb6 0-1

[Event "AUTO-OPEN-2073"]
[Site "http://www.queenalice.com/game.php?id=818532"]
[Date "2010.8.15"]
[Round "1"]
[White "Gunnm"]
[Black "dadge"]
[Result "0-1"]
[WhiteElo "1447"]
[BlackElo "2043"]

1. d4 d5 2. c4 Nf6 3. e3 c6 4. Nd2 g6 5. cxd5 cxd5 6. Qa4+ Bd7 7. Bb5 a6 8.
Bxd7+ Qxd7 9. b3 b5 10. Qa5 Nc6 11. Qa3 e5 12. Qb2 Nb4 13. Qc3 Rc8 14. Bb2 Rxc3
15. Rc1 Nd3+ 16. Kd1 Nxb2+ 17. Ke2 Rxc1 0-1

[Event "AUTO-OPEN-2073"]
[Site "http://www.queenalice.com/game.php?id=818533"]
[Date "2010.8.15"]
[Round "1"]
[White "dadge"]
[Black "Gunnm"]
[Result "1-0"]
[WhiteElo "2045"]
[BlackElo "1445"]

1. e4 d5 2. exd5 Qxd5 3. d4 Qe4+ 4. Ne2 Bh3 5. Nc3 Qc6 6. d5 Qf6 7. gxh3 Nd7 8.
Bg2 e6 9. dxe6 fxe6 10. Bxb7 Qf5 11. Bxa8 Ne5 12. Nd4 Qxh3 13. Bf4 Ng4 14. Bc6+
Kf7 15. Ne4 Qg2 16. Ng5+ Kg6 17. Bxg2 N8f6 18. Ngxe6 1-0

[Event "Let's Play Chess!"]
[Site "http://www.queenalice.com/game.php?id=819159"]
[Date "2010.8.19"]
[Round "-"]
[White "elche"]
[Black "Gunnm"]
[Result "1-0"]
[WhiteElo "1687"]
[BlackElo "1456"]

1. e4 Nc6 2. Nf3 g6 3. d4 e6 4. e5 d5 5. Bb5 Qd7 6. Bg5 Bb4+ 7. c3 Be7 8. Bxe7
Qxe7 9. Nbd2 a6 10. Bxc6+ bxc6 11. O-O c5 12. dxc5 Qxc5 13. Nb3 Qc4 14. Nfd2 a5
15. Nxc4 dxc4 16. Nc5 Rb8 17. Qa4+ 1-0

[Event "Challenge"]
[Site "http://www.queenalice.com/game.php?id=819983"]
[Date "2010.8.18"]
[Round "-"]
[White "paco78"]
[Black "Gunnm"]
[Result "0-1"]
[WhiteElo "1778"]
[BlackElo "1443"]

1. e4 Nc6 2. d4 e5 3. d5 Nd4 4. c3 Bc5 5. b4 Bxb4 6. cxb4 Nf6 7. Nc3 d6 8. Qa4+
Bd7 9. b5 a6 10. Qb4 Nc2+ 11. Kd1 Nxb4 12. a3 Ng4 13. Nh3 axb5 14. Bb2 Qh4 15.
axb4 O-O 16. g3 Qh5 17. Ke1 Rae8 18. Nxb5 Bxb5 19. Bxb5 Qxh3 20. Bf1 Qh6 21. h3
Rc8 22. Bc1 Qg6 23. f3 Ra8 24. Rb1 Nf6 25. g4 Nxe4 26. Bd3 f5 27. fxe4 fxe4 28.
Bc2 Ra2 29. Bb3 Raf2 30. Be3 R2f3 31. Ke2 Qf6 32. Rh2 Rxe3+ 33. Kxe3 Qf4+ 34.
Ke2 Qxh2+ 35. Kd1 Rf1# 0-1

[Event "Challenge"]
[Site "http://www.queenalice.com/game.php?id=840973"]
[Date "2010.10.2"]
[Round "-"]
[White "blackwolf"]
[Black "Gunnm"]
[Result "1-0"]
[WhiteElo "1951"]
[BlackElo "1464"]

1. d4 c6 2. e4 e6 3. Nf3 h6 4. Bc4 b5 5. Bb3 Ba6 6. O-O b4 7. Bf4 Bxf1 8. Kxf1
Na6 9. d5 Nc5 10. dxc6 dxc6 11. Nbd2 Bd6 12. Bxd6 Qxd6 13. e5 Qd7 14. Qe1 O-O-O
15. Rd1 Ne7 16. Ke2 a5 17. Nc4 Qc7 18. a3 Nf5 19. Ba2 Rd5 20. Nd6+ Kd7 21. Bxd5
cxd5 22. axb4 Rb8 23. bxc5 Rxb2 24. Qc3 Rb5 25. Nd4 Rxc5 26. Qd3 Nxd4+ 27. Qxd4
Rxc2+ 28. Ke3 Qd8 29. Qa4+ Rc6 30. Rc1 Qb6+ 31. Kd2 Qb2+ 32. Rc2 1-0

[Event "Challenge"]
[Site "http://www.queenalice.com/game.php?id=840974"]
[Date "2010.10.2"]
[Round "-"]
[White "Gunnm"]
[Black "blackwolf"]
[Result "0-1"]
[WhiteElo "1466"]
[BlackElo "1949"]

1. e4 e5 2. Nf3 Nf6 3. Qe2 Nc6 4. c3 Bc5 5. b4 Bb6 6. b5 Ne7 7. Nxe5 O-O 8. g4
d6 9. Nc4 Bxg4 10. f3 Bh5 11. e5 dxe5 12. Nxe5 Qd6 13. d4 Rfe8 14. Qc4 Qd5 15.
Qd3 Ng6 16. Bg5 Nxe5 17. dxe5 Rxe5+ 18. Kd1 Qxd3+ 19. Bxd3 Bxf3+ 20. Kc2 Bxh1
21. Bf4 Re7 22. Nd2 Be4 23. Bg5 Bxd3+ 24. Kxd3 Rd8+ 25. Kc2 Re6 26. Rg1 Bxg1 27.
Nf3 Re2+ 28. Bd2 Be3 29. Kd1 Rexd2+ 30. Nxd2 Rxd2+ 0-1

[Event "Challenge"]
[Site "http://www.queenalice.com/game.php?id=851607"]
[Date "2010.10.28"]
[Round "-"]
[White "Gunnm"]
[Black "paco78"]
[Result "0-1"]
[WhiteElo "1470"]
[BlackElo "1770"]

1. c4 b6 2. d4 e6 3. g3 Bb7 4. d5 Qf6 5. a3 a5 6. e4 Bc5 7. Be3 Qxb2 8. dxe6
Qxa1 9. exd7+ Nxd7 10. Bh3 O-O-O 11. Bxd7+ Rxd7 12. Qg4 Qxb1+ 13. Ke2 Qd1# 0-1